Les 22 dictateurs du 20e siècle en Images - Statistiques

Statistiques générales
  • Ce quiz a été pris 326 fois
  • Le résultat moyen est 12 sur 22
Statistiques - réponses
Par images Hint Réponse % Correct
Reich Allemand Adolf Hitler
100%
Italie Benito Mussolini
99%
Union Soviétique Joseph Staline
99%
État Français / Régime de Vichy Philippe Pétain
98%
Union Soviétique Vladimir Ilitch Lénine
97%
Espagne Francisco Franco
91%
Cuba Fidel Castro
80%
République Populaire de Chine Mao Zedong
73%
Libye Mouammar Kadhafi
71%
Irak Saddam Hussein
71%
Yougoslavie Josip Broz Tito
60%
Chili Augusto Pinochet
57%
Cambodge Pol Pot
50%
Syrie Hafez al-Assad
46%
Corée du Nord Kim Il-Sung
46%
Zaïre (RDC) Mobutu Sese Seko
13%
Albanie Enver Hoxha
12%
Haïti François Duvalier
11%
Empire du Japon Hideki Tōjō
10%
Allemagne de l'Est Enrich Honecker
9%
Paraguay Alfredo Stroessner
6%
Iran Rouholla Khomeimi
0%
Aucun quiz correspondant
Distribution des résultats
% des personnes avec chaque résultat
Percentile par nombre de réponses
Votre historique - résultats
Vous n’avez pas pris ce quiz